| 000 | 00492nam a2200157 a 4500 | ||
|---|---|---|---|
| 001 | 000023424 | ||
| 005 | 20200930022218.0 | ||
| 008 | 101207s1969 sp a r 000 0 spa d | ||
| 040 |
_aDO-SdBNP _bspa _cBNPHU |
||
| 082 |
_annnn _bS211t |
||
| 100 | 1 |
_aSánchez Rodríguez, Manuel, _948266 |
|
| 245 | 1 | 0 |
_aTécnicas del Pert aplicadas a la construcción : _btiempos.costes / _cManuel Sánchez Rodríguez. |
| 260 |
_aBarcelona : _bCEAC, _c1969. |
||
| 300 |
_a229 p. : _bil. ; _c25 cm. |
||
| 049 | _aBNGR | ||
| 999 |
_c22921 _d22921 |
||